Представление документа в формате RUSMARC

ПолеНазваниеЗначение
  Тип записи a
  Библиографический уровень m
001 Контрольный номер 716d3cc924a247d88ed0ae68d9295ec6
005 Дата корректировки 20140702094726.1
200 Заглавие и сведения об ответственности 1_
a Заглавие Оплата труда работников магазинов потребительской кооперации в условиях расширения их функций в соответствии с рекомендациями научно-практической конференций
f Первые сведения об ответственности Центросоюз РФ.Межвуз.учен.совет.Сиб.ун-т потреб.кооп.
210 Выходные данные 1_
a Место издания Новосибирск
c Издательство СибУПК
d Дата издания 2002
215 Физическое описание __
a Объем 15 с.
300 Общие примечания __
a Общие примечания 7экз.
610 Ключевые слова 0_
a Ключевые слова потребительская кооперация
610 Ключевые слова 0_
a Ключевые слова оплата труда
610 Ключевые слова 0_
a Ключевые слова заработная плата продавцов
610 Ключевые слова 0_
a Ключевые слова расчет доходов магазина
610 Ключевые слова 0_
a Ключевые слова издержки обращения
686 Индексы других классификаций __
a Классификационный индекс 65.9(2)421.8-64
2 Код системы rubbk
686 Индексы других классификаций __
a Классификационный индекс 65.9(2)245
2 Код системы rubbk
700 Автор _1
a Фамилия Капелюк Зоя Александровна
801 Источник записи _0
a Страна RU
b Организация РУК
c Дата составления 20030621
g Правила каталогизации PSBO
801 Источник записи _1
a Страна RU
b Организация РУК
c Дата составления 20030621
g Правила каталогизации PSBO
852 Данные о местонахождении __
i Авторский знак К20
j Шифр хранения ББК 65.9(2)421.8
901 Тип документа __
t Тип документа m
938 Служебная информация __
a Название организации Головной вуз
b Имя БД BOOK
c Название АИБС АИБС ИРБИС